00451 2200181 4500001002100000005001500021008004100036020001800077035001900095041000700114082000800121090001400129100002300143245001800166260005200184300001800236650001500254INLIS00000000001893520241224115611241224||||||||| | ||| |||| || |  a979-668-341-5 0010-1224018935 aid0 a813 a813 TIM i0 aTim Pustaka Fathin00aILMUAN MUSLIM aSurakartabTiga Serangkai Pustaka Mandiric2003 a24hlm;20x20cm 0anovel anak